| 000 | 00586nam a2200181Ia 4500 | ||
|---|---|---|---|
| 003 | GCL | ||
| 008 | 140319s9999 xx 000 0 ara d | ||
| 040 |
_aGCL / _cGCL |
||
| 082 | 0 | 4 |
_aد _b050 |
| 100 | 1 | _aاحمد مدحت اسلام | |
| 245 | 1 | 0 |
_aلغة الكيمياء : عند الكائنات الحية (عالم المعرفة 93) / _cاحمد مدحت اسلام |
| 300 | _a267 ص | ||
| 490 |
_aعالم المعرفة _v0 |
||
| 650 | 0 | 4 | _aالكيمياء |
| 650 | 0 | 4 | _aالكائنات الحية |
| 650 | 0 | 4 | _aكيمياء الاجسام الدقيقة |
| 942 |
_2ddc _cBK |
||
| 999 |
_c50270 _d50270 |
||